| 000 | 01475nam a2200301 a 4500 | ||
|---|---|---|---|
| 001 | BRCA_92 | ||
| 003 | FranzMayer | ||
| 005 | 20230918131349.0 | ||
| 008 | 010906s2000 mx-a---##b---#000-0#spa-# | ||
| 020 | _a9687507586 | ||
| 040 |
_aDLC _cDLC |
||
| 041 | _aspa | ||
| 044 | _amx | ||
| 050 | 4 |
_aND813.B6 _b.R63 2000 |
|
| 100 | 1 |
_aRodríguez-Miaja, Fernando Edmundo _d1952- _9352 |
|
| 245 | 1 | 0 |
_aDiego de Borgraf _bun destello en la noche de los tiempos : obra pictórica _cFernando E. Rodríguez-Miaja ; presentación Elisa Vargaslugo. |
| 260 |
_aPuebla _bPatronato Editorial para la Cultura, Arte e Historia de Puebla _c2000 |
||
| 300 |
_a733 p. _bil. (algunas a color) _c32 cm. |
||
| 500 | _aUn ejemplar en Anexo 1 | ||
| 500 | _aApéndices: Cronología general del ´Corpus´ de obras de Diego de Borgraf. Ecos de Flandes en la Nueva España. Consideraciones sobre el comercio de arte flamenco. Nómina de pintores flamencos. Sintesis biográfica de algunos artistas flamencos del siglo XVII. Cronología de eventos relevantes del siglo XVII | ||
| 500 | _aCatálogo de la exposición realizada en el Museo Franz Mayer (Ciudad de México), 18 enero - 25 febrero, 2001 | ||
| 504 | _aBibliografía: p. 693-733 | ||
| 600 | 1 | 4 |
_aBorgraf, Diego de _dca. 1618-1686 _xCrítica e interpretación _9353 |
| 600 | 1 | 4 |
_aBorgraf, Diego de _dca. 1618-1686 _vCatálogos razonados _9354 |
| 650 | 1 | 4 |
_aPintura flamenca _ySiglo XVII _9355 |
| 700 | 1 |
_aVargaslugo, Elisa _9356 |
|
| 942 |
_2lcc _cB |
||
| 999 |
_c79 _d79 |
||